Nitrogen cycling in the North Atlantic Ocean and its watersheds (Record no. 22496)

MARC details
000 -LEADER
fixed length control field 00717nam a2200205Ia 4500
008 - FIXED-LENGTH DATA ELEMENTS--GENERAL INFORMATION
fixed length control field 191130s1996##################000#0#eng##
020 ## - INTERNATIONAL STANDARD BOOK NUMBER
International Standard Book Number 9780792342816
022 ## - INTERNATIONAL STANDARD SERIAL NUMBER
International Standard Serial Number 96048824
040 ## - CATALOGING SOURCE
Original cataloging agency ACL
Transcribing agency ACL
082 ## - DEWEY DECIMAL CLASSIFICATION NUMBER
Classification number 577.7310145 HOW
245 ## - TITLE STATEMENT
Title Nitrogen cycling in the North Atlantic Ocean and its watersheds
Statement of responsibility, etc. edited by Robert W. Howarth
260 ## - PUBLICATION, DISTRIBUTION, ETC.
Place of publication, distribution, etc. Dordrecht ; Boston
Name of publisher, distributor, etc. Kluwer Academic Publishers
Date of publication, distribution, etc. 1996
300 ## - PHYSICAL DESCRIPTION
Extent 304 p. : ill. (some col.), maps ; 25 cm
500 ## - GENERAL NOTE
General note Includes bibliographical references and index
650 ## - SUBJECT ADDED ENTRY--TOPICAL TERM
Topical term or geographic name entry element Nitrogen cycle - North Atlantic Ocean - Congresses
700 ## - ADDED ENTRY--PERSONAL NAME
Personal name Howarth, Robert Warren
990 ## - EQUIVALENCES OR CROSS-REFERENCES [LOCAL, CANADA]
Link information for 9XX fields f742c8fcac10000c140032ae319a8032
991 ## -
-- 255615
Holdings
Withdrawn status Lost status Materials specified (bound volume or other part) Damaged status Not for loan Home library Current library Shelving location Date acquired Total Checkouts Full call number Barcode Date last seen Price effective from Koha item type
    hbk     Anna Centenary Library Anna Centenary Library 5TH FLOOR, A WING 09.10.2020   577.7310145 HOW 209635 09.10.2020 09.10.2020 English Books

Find us on the map